| 000 | 00430 a2200145 4500 | ||
|---|---|---|---|
| 020 | _a 978186852930 | ||
| 020 | _a1868529304 | ||
| 050 |
_aBV4461 _b.L38 1999 |
||
| 100 |
_aLaubscher,Sielie _98924 |
||
| 245 |
_aDark forest of the soul : _ba personal journey through depression / _cSielie Laubscher. |
||
| 250 | _a1st ed | ||
| 260 |
_aVereeniging : _bChristian Art, _cc1999. |
||
| 300 |
_a 151 pages ; _c22 cm. |
||
| 942 |
_2lcc _cBK _n0 |
||
| 999 |
_c4389 _d4389 |
||